000
00180nam a2200073Ia 4500
008
170620s9999 xx 000 0 und d
100
_a
Kaushik
245
0
_a
EDUCATIONAL MEASUREMENT AND EVALUATION
260
_b
ANMOL
999
_c
26755
_d
26755